000 00594nam a2200241Ia 4500
003 OSt
005 20221005131824.0
006 a|||||r|||| 00| 0
007 ta
008 221004b |||||||| |||| 00| 0 mar d
024 _a40413
037 _cTextual
040 _aCRL
_cCRL
_bmar
041 _2mar
_amar
082 _aQ41:22515, 155J5
100 _aKosambi Dharmanad
_9640134
245 0 _aSutnipat
260 _c1955
300 _a416p.
_ccm.
650 _aRELIGION
942 _hQ41:22515, 155J5
_cTEXL
_2cc
999 _c1061517
_d1061517